Normal view
MARC view
- Nachrichten赢ertragungstechnik
Entry Topical Term
001 - CONTROL NUMBER
- control field: 99346
003 - CONTROL NUMBER IDENTIFIER
- control field: NUST
005 - DATE AND TIME OF LATEST TRANSACTION
- control field: 20221006150736.0
008 - FIXED-LENGTH DATA ELEMENTS
- fixed length control field: 221006|| aca||aabn | a|a d
040 ## - CATALOGING SOURCE
- Original cataloging agency: NUST
- Transcribing agency: NUST
150 ## - HEADING--TOPICAL TERM
- Topical term or geographic name entry element: Nachrichten赢ertragungstechnik
670 ## - SOURCE DATA FOUND
- Source citation: Work cat.: (NUST)189433: Poisel, Richard. 99332, Modern communications jamming :, c2011
